|
|
|
|
| LEADER |
01767nam a2200421 a 4500 |
| 001 |
16181577 |
| 003 |
BD-DhAAL |
| 008 |
121230s2010 cau b 001 0 eng d |
| 999 |
|
|
|c 13083
|d 13083
|
| 010 |
|
|
|a 2010014928
|
| 016 |
7 |
|
|a 101528195
|2 DNLM
|
| 020 |
|
|
|a 9780313377600 (hard copy : alk. paper)
|
| 020 |
|
|
|a 031337760X (hard copy : alk. paper)
|
| 020 |
|
|
|a 9780313377853 (pbk. : alk. paper)
|
| 020 |
|
|
|a 0313377855 (pbk. : alk. paper)
|
| 020 |
|
|
|a 9780313377617 (eISBN)
|
| 020 |
|
|
|a 0313377618 (eISBN)
|
| 040 |
|
|
|a DNLM/DLC
|c DLC
|d YDX
|d BTCTA
|d NLM
|d YDXCP
|d CDX
|d BWX
|d STF
|d DLC
|d BD-DhAAL
|
| 082 |
0 |
0 |
|a 306.4/61
|2 22
|
| 100 |
1 |
|
|a Sobo, Elisa Janine,
|d 1963-
|9 45352
|
| 245 |
1 |
4 |
|a The cultural context of health, illness, and medicine /
|c Elisa J. Sobo and Martha O. Loustaunau.
|
| 250 |
|
|
|a Second edition
|
| 260 |
|
|
|a Santa Barbara, Calif. :
|b Praeger,
|c c2010.
|
| 300 |
|
|
|a xviii, 268 pages ;
|c 24 cm.
|
| 500 |
|
|
|a Martha Loustaunau is first named author on previous edition.
|
| 504 |
|
|
|a Includes bibliographical references (p. [227]-254) and index.
|
| 541 |
|
|
|e 00026438
|
| 650 |
|
0 |
|a Medical anthropology.
|9 45353
|
| 650 |
|
0 |
|a Social medicine.
|9 45354
|
| 650 |
1 |
2 |
|a Cultural Competency
|z United States.
|9 45355
|
| 650 |
2 |
2 |
|a Anthropology
|z United States.
|9 45356
|
| 650 |
2 |
2 |
|a Attitude to Health
|x ethnology
|z United States.
|9 45357
|
| 650 |
2 |
2 |
|a Cultural Diversity
|z United States.
|9 45358
|
| 650 |
2 |
2 |
|a Delivery of Health Care
|z United States.
|9 45359
|
| 700 |
1 |
|
|a Loustaunau, Martha O.,
|d 1938-
|9 45360
|
| 852 |
1 |
|
|a Ayesha Abed Library
|j General shelf
|
| 942 |
|
|
|2 ddc
|c BK
|
| 952 |
|
|
|0 0
|1 0
|4 0
|6 306_461000000000000_SOB
|7 0
|9 21743
|a BRACUL
|b BRACUL
|c GEN
|d 2012-12-31
|e Trim Education
|g 3125.00
|l 0
|o 306.461 SOB
|p 3010026438
|r 2012-12-31
|t 1
|w 2012-12-31
|y BK
|